Regulations (Record no. 107342)

MARC details
000 -LEADER
fixed length control field 01034cam a22002295a 4500
001 - CONTROL NUMBER
control field L139770
008 - FIXED-LENGTH DATA ELEMENTS--GENERAL INFORMATION
fixed length control field 070807s2007 xxk f 000 0 eng d
035 ## - SYSTEM CONTROL NUMBER
System control number (Sirsi) u139770
041 0# - LANGUAGE CODE
Language code of text/sound track or separate title eng
050 04 - LIBRARY OF CONGRESS CALL NUMBER
Classification number 333.0062 $2 18
110 2# - MAIN ENTRY--CORPORATE NAME
Corporate name or jurisdiction name as entry element Royal Institution of Chartered Surveyors
9 (RLIN) 4900
245 00 - TITLE STATEMENT
Title Regulations
Remainder of title as presently (1 June 2007) approved
260 ## - PUBLICATION, DISTRIBUTION, ETC.
Place of publication, distribution, etc. London
Name of publisher, distributor, etc. RICS
Date of publication, distribution, etc. 2007
300 ## - PHYSICAL DESCRIPTION
Extent 168p.
Dimensions 30cm.
520 ## - SUMMARY, ETC.
Summary, etc. A collection of the RICS regulations as approved at 1 June 2007. Includes regulations which have been approved but were not yet in force at the date of printing. Includes regulations relating to membership, general meetings, the governing council, faculties, the library, accounts, committees and national associations.
590 ## - LOCAL NOTE (RLIN)
Local note KA
651 #4 - SUBJECT ADDED ENTRY--GEOGRAPHIC NAME
Geographic name International
690 ## - LOCAL SUBJECT ADDED ENTRY--TOPICAL TERM (OCLC, RLIN)
Topical term or geographic name as entry element ABOUT RICS-RICS STRUCTURE AND GOVERNANCE-RICS REGULATIONS
856 41 - ELECTRONIC LOCATION AND ACCESS
Uniform Resource Identifier <a href="https://www.rics.org/RICSWEB/getpage.aspx?p=9Mq2184QDkOwPYs59IIOCQ">https://www.rics.org/RICSWEB/getpage.aspx?p=9Mq2184QDkOwPYs59IIOCQ</a>
Public note View the item free of charge at www.rics.org...
942 ## - ADDED ENTRY ELEMENTS (KOHA)
Suppress in OPAC 0
Holdings
Withdrawn status Lost status Source of classification or shelving scheme Damaged status Not for loan Home library Current library Shelving location Date acquired Total Checkouts Full call number Barcode Date last seen Copy number Price effective from Koha item type
    Dewey Decimal Classification     London London Folio 08/08/2007   F333.0062 ROY 30074241 06/08/2019 2 06/08/2019 Reference material
    Dewey Decimal Classification     London London Folio 08/08/2007   F333.0062 ROY 30074242 06/08/2019 3 06/08/2019 Book
    Dewey Decimal Classification     London London RICS Boxes 16/06/2009   RICS 2007/33 30074240 06/08/2019 1 06/08/2019 Archive
    Dewey Decimal Classification     Virtual Virtual Online 03/09/2007   ONLINE PUBLICATION 139770-2001 06/08/2019 1 06/08/2019 Book